| 000 | 00486nmm a22001697a 4500 | ||
|---|---|---|---|
| 005 | 20160608110850.0 | ||
| 008 | 150728b xxu||||| |||| 00| 0 spa d | ||
| 041 | _aspa | ||
| 082 | _aMD 106 | ||
| 100 |
_aCordero Esquivel, Ivannia _911160 |
||
| 245 | _aInforme de Práctica Supervisada realizado en Align Technology de Costa Rica S.A. | ||
| 260 | _c2013 | ||
| 650 |
_aCOSTA RICA _911161 |
||
| 650 |
_aMECANICA DENTAL _911162 |
||
| 650 |
_aORTODONCIA TRANSPARENTE _911163 |
||
| 942 | _cIP | ||
| 999 |
_c6787 _d6787 |
||